[Event "GBR-ch 111th"]
[Site "Liverpool"]
[Date "2025.08.03"]
[Round "2.12"]
[White "Webb, Laurence E"]
[Black "Han, Yichen"]
[Result "0-1"]
[WhiteElo "2268"]
[BlackElo "2430"]
[PlyCount "105"]
[EventDate "2025.08.02"]
[EventType "swiss"]
[EventRounds "9"]
[EventCountry "GBR"]
[SourceTitle "BritBase"]
[Source "John Saunders"]
[SourceDate "2025.08.11"]
[SourceVersion "1"]
[SourceVersionDate "2025.08.11"]
[SourceQuality "1"]

1. d4 Nf6 2. Nf3 e6 3. c4 c5 4. d5 b5 5. Bg5 exd5 6. cxd5 h6 7. Bxf6 Qxf6 8. Qc2 c4 9. e4 Bb4+ 10. Nc3 O-O 11. Be2 d6 12. O-O Bd7 13. a4 Bxc3 14. bxc3 bxa4 15. Bxc4 Rc8 16. Qd3 Be8 17. Rfc1 Nd7 18. Qd4 Rc7 19. Bb5 Nc5 20. Bxe8 Rxe8 21. Re1 Qd8 22. Ra3 f6 23. Nd2 Qb8 24. Ra2 Rb7 25. h4 Rb2 26. Rxb2 Qxb2 27. Nc4 Qb8 28. h5 Rxe4 29. Rxe4 Qb1+ 30. Kh2 Qxe4 31. Nxd6 Qxd4 32. cxd4 Nd7 33. Nc4 Nb6 34. Na3 Nxd5 35. Kg3 Kf7 36. Kf3 Ke6 37. g3 a6 38. Ke4 Nc3+ 39. Kd3 Nb5 40. Nc2 a3 41. Kc4 a2 42. Kb3 a1=Q 43. Nxa1 Nxd4+ 44. Kc4 Ke5 45. Kd3 Kd5 46. g4 a5 47. Kc3 Ke4 48. Kc4 a4 49. Kc3 a3 50. Kc4 a2 51. Kc3 Ne2+ 52. Kd2 Nf4 53. Nc2 0-1

[Event "GBR-ch 111th"]
[Site "Liverpool"]
[Date "2025.08.03"]
[Round "2.13"]
[White "Makkar, Rajat"]
[Black "Pert, Max P"]
[Result "1-0"]
[WhiteElo "2406"]
[BlackElo "2263"]
[PlyCount "65"]
[EventDate "2025.08.02"]
[EventType "swiss"]
[EventRounds "9"]
[EventCountry "GBR"]
[SourceTitle "BritBase"]
[Source "John Saunders"]
[SourceDate "2025.08.11"]
[SourceVersion "1"]
[SourceVersionDate "2025.08.11"]
[SourceQuality "1"]

1. e4 e5 2. Nf3 Nc6 3. Bb5 a6 4. Ba4 Nf6 5. O-O d6 6. Re1 Bd7 7. c3 g6 8. d4 Bg7 9. h3 O-O 10. Bc2 Nh5 11. a4 Qe8 12. a5 f5 13. Ra3 Kh8 14. b4 fxe4 15. Bxe4 Qf7 16. d5 Ne7 17. c4 Nf4 18. Nc3 Bf6 19. Kh2 g5 20. Ng1 Qg7 21. g3 g4 22. gxf4 exf4 23. Nce2 Be5 24. Qd2 Rg8 25. Nxf4 Raf8 26. Nge2 Ng6 27. Bxg6 hxg6 28. hxg4 Qf6 29. Kg2 Bxg4 30. Rh1+ Kg7 31. Ne6+ Bxe6 32. Rh7+ Kxh7 33. Qh6# 1-0

[Event "GBR-ch 111th"]
[Site "Liverpool"]
[Date "2025.08.03"]
[Round "2.14"]
[White "Rudd, Jack"]
[Black "Zhou, Yang-Fan"]
[Result "1-0"]
[WhiteElo "2259"]
[BlackElo "2406"]
[PlyCount "77"]
[EventDate "2025.08.02"]
[EventType "swiss"]
[EventRounds "9"]
[EventCountry "GBR"]
[SourceTitle "BritBase"]
[Source "John Saunders"]
[SourceDate "2025.08.11"]
[SourceVersion "1"]
[SourceVersionDate "2025.08.11"]
[SourceQuality "1"]

1. d4 Nf6 2. c4 g6 3. Nc3 d5 4. Nf3 Bg7 5. Qb3 dxc4 6. Qxc4 Be6 7. Qa4+ Bd7 8. Qc4 Be6 9. Qa4+ Bd7 10. Qc4 O-O 11. e4 b5 12. Qb3 a6 13. e5 Be6 14. exf6 Bxb3 15. fxg7 Re8 16. axb3 Nc6 17. Be3 Nb4 18. Rc1 c5 19. dxc5 e5 20. Ne4 Kxg7 21. Nd6 Re7 22. Be2 Qd7 23. O-O Qe6 24. Rfd1 Qxb3 25. c6 Qxb2 26. c7 Qxe2 27. Rd2 Qc4 28. Rxc4 bxc4 29. c8=Q Rxc8 30. Nxc8 Re6 31. Rd7 c3 32. Nd6 c2 33. Nxf7 Kf8 34. N7xe5 Na2 35. Rc7 Rd6 36. Bh6+ Ke8 37. Rc8+ Rd8 38. Rxd8+ Kxd8 39. Nd3 1-0

[Event "GBR-ch 111th"]
[Site "Liverpool"]
[Date "2025.08.03"]
[Round "2.15"]
[White "Kanyamarala, Tarun"]
[Black "Dishman, Stephen"]
[Result "1-0"]
[WhiteElo "2397"]
[BlackElo "2254"]
[PlyCount "55"]
[EventDate "2025.08.02"]
[EventType "swiss"]
[EventRounds "9"]
[EventCountry "GBR"]
[SourceTitle "BritBase"]
[Source "John Saunders"]
[SourceDate "2025.08.11"]
[SourceVersion "1"]
[SourceVersionDate "2025.08.11"]
[SourceQuality "1"]

1. d4 d5 2. c4 c6 3. Nc3 Nf6 4. e3 Bf5 5. f3 e6 6. g4 Bg6 7. h4 h6 8. Nge2 Bd6 9. Nf4 Bxf4 10. exf4 dxc4 11. Bxc4 Nbd7 12. Qe2 Qe7 13. Kf2 Nb6 14. Bb3 Nfd5 15. a4 a5 16. Bxd5 Nxd5 17. Nxd5 exd5 18. Qxe7+ Kxe7 19. f5 Bh7 20. Ra3 Kd7 21. Rb3 Ra7 22. Re1 Re8 23. Rxe8 Kxe8 24. Bf4 Kd7 25. Bb8 Ra8 26. Be5 Ra7 27. Bxg7 h5 28. Kg3 1-0

[Event "GBR-ch 111th"]
[Site "Liverpool"]
[Date "2025.08.03"]
[Round "2.16"]
[White "Dickenson, Neil F"]
[Black "Waldhausen Gordon, Frederick"]
[Result "1/2-1/2"]
[WhiteElo "2247"]
[BlackElo "2393"]
[PlyCount "70"]
[EventDate "2025.08.02"]
[EventType "swiss"]
[EventRounds "9"]
[EventCountry "GBR"]
[SourceTitle "BritBase"]
[Source "John Saunders"]
[SourceDate "2025.08.11"]
[SourceVersion "1"]
[SourceVersionDate "2025.08.11"]
[SourceQuality "1"]

1. e4 e5 2. Nf3 Nc6 3. Bb5 a6 4. Ba4 Nf6 5. d4 exd4 6. O-O Be7 7. e5 Ne4 8. Nxd4 O-O 9. Re1 Nc5 10. Bxc6 dxc6 11. Nc3 f5 12. exf6 Bxf6 13. Be3 Ne6 14. Nf3 c5 15. Qxd8 Rxd8 16. Rad1 Rxd1 17. Rxd1 b6 18. Bc1 Bxc3 19. bxc3 Bb7 20. Ng5 Nf8 21. f3 Re8 22. Kf2 h6 23. Nh3 Kf7 24. Nf4 Bc6 25. Be3 g5 26. Nd3 Ng6 27. Rd2 Kf6 28. Rd1 Nh4 29. Bc1 Ba4 30. Re1 Rd8 31. Ne5 Nf5 32. f4 Re8 33. Ng4+ Kg6 34. Ne5+ Kf6 35. Ng4+ Kg6 1/2-1/2

[Event "GBR-ch 111th"]
[Site "Liverpool"]
[Date "2025.08.03"]
[Round "2.17"]
[White "Golding, Alex"]
[Black "Richardson, John R"]
[Result "1-0"]
[WhiteElo "2377"]
[BlackElo "2246"]
[PlyCount "109"]
[EventDate "2025.08.02"]
[EventType "swiss"]
[EventRounds "9"]
[EventCountry "GBR"]
[SourceTitle "BritBase"]
[Source "John Saunders"]
[SourceDate "2025.08.11"]
[SourceVersion "1"]
[SourceVersionDate "2025.08.11"]
[SourceQuality "1"]

1. e4 c6 2. d4 d5 3. e5 Bf5 4. Nf3 e6 5. Be2 c5 6. Be3 Nd7 7. dxc5 Bxc5 8. Bxc5 Nxc5 9. O-O Ne7 10. Bb5+ Nd7 11. Nd4 Bg6 12. Nd2 O-O 13. Bxd7 Qxd7 14. N2b3 Rac8 15. c3 f6 16. Re1 fxe5 17. Rxe5 Rf6 18. Qe2 Bf7 19. Re3 Ng6 20. Nf3 h6 21. Nbd4 Re8 22. Re1 a6 23. Ne5 Nxe5 24. Rxe5 Kf8 25. Qe3 Rg6 26. f4 Qd8 27. g3 Qd7 28. h4 h5 29. Kh2 Rf6 30. Nf3 Bg6 31. Rg5 Qb5 32. Ne5 Qxb2+ 33. Re2 Qb1 34. Nxg6+ Rxg6 35. Rxd5 Rc8 36. Rxh5 Kg8 37. Re5 Rc6 38. Qd4 Qb6 39. Qd3 Rf6 40. Rh5 Rc8 41. Qh7+ Kf7 42. Rg5 Rg8 43. Rd2 Qc7 44. Qh5+ g6 45. Qd1 Ke7 46. Re5 Rc8 47. Re3 Ke8 48. Red3 Rf7 49. Qg4 Rf6 50. Qg5 Qe7 51. Rd7 Qf8 52. Qa5 Rf5 53. Rd8+ Rxd8 54. Rxd8+ Ke7 55. Qc7+ 1-0

[Event "GBR-ch 111th"]
[Site "Liverpool"]
[Date "2025.08.03"]
[Round "2.18"]
[White "Ashbrooke, Monika"]
[Black "Claridge-Hansen, William"]
[Result "0-1"]
[WhiteElo "1591"]
[BlackElo "2364"]
[PlyCount "58"]
[EventDate "2025.08.02"]
[EventType "swiss"]
[EventRounds "9"]
[EventCountry "GBR"]
[SourceTitle "BritBase"]
[Source "John Saunders"]
[SourceDate "2025.08.11"]
[SourceVersion "1"]
[SourceVersionDate "2025.08.11"]
[SourceQuality "1"]

1. d4 Nf6 2. Nf3 e6 3. g3 c5 4. Bg2 cxd4 5. Nxd4 d5 6. O-O e5 7. Nb3 Nc6 8. Bg5 Be6 9. N1d2 Be7 10. Rc1 Rc8 11. c4 d4 12. Bxf6 gxf6 13. Ne4 b6 14. a3 h5 15. h4 f5 16. Ned2 e4 17. e3 dxe3 18. fxe3 Bd6 19. Nd4 Nxd4 20. exd4 Bxg3 21. d5 Qxh4 22. Nf3 exf3 23. Rxf3 Bd7 24. Qd3 Bd6 25. Qc3 Rg8 26. Rh3 Qg5 27. Re1+ Kf8 28. Re2 f4 29. Rh1 f3 0-1

[Event "GBR-ch 111th"]
[Site "Liverpool"]
[Date "2025.08.03"]
[Round "2.19"]
[White "Bazakutsa, Svyatoslav"]
[Black "Ashworth, Michael J"]
[Result "1-0"]
[WhiteElo "2481"]
[BlackElo "2053"]
[PlyCount "67"]
[EventDate "2025.08.02"]
[EventType "swiss"]
[EventRounds "9"]
[EventCountry "GBR"]
[SourceTitle "BritBase"]
[Source "John Saunders"]
[SourceDate "2025.08.11"]
[SourceVersion "1"]
[SourceVersionDate "2025.08.11"]
[SourceQuality "1"]

1. c4 g6 2. e4 c5 3. Nf3 Nc6 4. d4 cxd4 5. Nxd4 Nf6 6. Nc3 d6 7. Be2 Nxd4 8. Qxd4 Bg7 9. Be3 O-O 10. Qd2 a5 11. O-O a4 12. Bd4 Qa5 13. Rad1 Be6 14. f4 Rfc8 15. b3 axb3 16. axb3 Qb4 17. f5 Bd7 18. Bxf6 Bxf6 19. Nd5 Qxb3 20. fxg6 hxg6 21. Rxf6 Kg7 22. Rf3 Qa2 23. Qd4+ e5 24. Qf2 Rf8 25. Rf1 f5 26. exf5 Rxf5 27. Nb6 Rxf3 28. Qxf3 Qa7 29. c5 Bc6 30. Qf6+ Kh6 31. Nxa8 Qxc5+ 32. Rf2 Qa5 33. Qh8+ Kg5 34. h4# 1-0

[Event "GBR-ch 111th"]
[Site "Liverpool"]
[Date "2025.08.03"]
[Round "2.20"]
[White "Kovalskyi, Roman"]
[Black "Wadsworth, Matthew J"]
[Result "0-1"]
[WhiteElo "2180"]
[BlackElo "2483"]
[PlyCount "100"]
[EventDate "2025.08.02"]
[EventType "swiss"]
[EventRounds "9"]
[EventCountry "GBR"]
[SourceTitle "BritBase"]
[Source "John Saunders"]
[SourceDate "2025.08.11"]
[SourceVersion "1"]
[SourceVersionDate "2025.08.11"]
[SourceQuality "1"]

1. e4 e6 2. d4 d5 3. e5 c5 4. c3 Nc6 5. Nf3 Bd7 6. Be2 f6 7. O-O fxe5 8. Nxe5 cxd4 9. Bh5+ g6 10. Nxg6 hxg6 11. Bxg6+ Ke7 12. Bg5+ Nf6 13. Qf3 Bg7 14. c4 Be8 15. Bxe8 Rxe8 16. Re1 Kf7 17. Nd2 Kg8 18. Qg3 Kf7 19. h4 Qb8 20. f4 Qd6 21. Qf3 Rad8 22. h5 dxc4 23. h6 Qd5 24. Ne4 Bh8 25. g4 d3 26. Bxf6 Bxf6 27. g5 Bd4+ 28. Kh2 Ne7 29. g6+ Nxg6 30. Ng5+ Kg8 31. h7+ Kg7 32. Qh5 Qg2+ 33. Kxg2 Nxf4+ 34. Kf3 Nxh5 35. h8=Q+ Rxh8 36. Nxe6+ Kf6 37. Nxd8 Rxd8 38. Rh1 Bxb2 39. Raf1 Rd5 40. Ke3+ Ke6 41. Rh4 c3 42. Rfh1 c2 43. Re4+ Kd6 44. Kd2 Ng3 45. Rh6+ Kc5 46. Re1 c1=Q+ 47. Rxc1+ Bxc1+ 48. Kxc1 d2+ 49. Kd1 Ne4 50. Rh2 Nc3+ 0-1

[Event "GBR-ch 111th"]
[Site "Liverpool"]
[Date "2025.08.03"]
[Round "2.21"]
[White "Chopra, Manmay"]
[Black "Williams, Simon K"]
[Result "1/2-1/2"]
[WhiteElo "2188"]
[BlackElo "2444"]
[PlyCount "59"]
[EventDate "2025.08.02"]
[EventType "swiss"]
[EventRounds "9"]
[EventCountry "GBR"]
[SourceTitle "BritBase"]
[Source "John Saunders"]
[SourceDate "2025.08.11"]
[SourceVersion "1"]
[SourceVersionDate "2025.08.11"]
[SourceQuality "1"]

1. Nf3 d5 2. g3 Nc6 3. d4 Bg4 4. Bg2 Qd7 5. h3 Bf5 6. a3 Nf6 7. Bf4 Ne4 8. Nbd2 f6 9. h4 e6 10. Nf1 Bd6 11. Ne3 Bxf4 12. Nxf5 Bd2+ 13. Nxd2 exf5 14. e3 O-O 15. c4 Rae8 16. cxd5 Qxd5 17. Bxe4 fxe4 18. Qb3 Ne7 19. Qxd5+ Nxd5 20. Ke2 c6 21. Nc4 Rd8 22. Rhc1 Nb6 23. Nxb6 axb6 24. Rc4 Rd5 25. Ra4 Rfd8 26. Rb4 b5 27. Rc1 R8d7 28. Rc5 f5 29. Rxd5 Rxd5 30. a4 1/2-1/2

[Event "GBR-ch 111th"]
[Site "Liverpool"]
[Date "2025.08.03"]
[Round "2.22"]
[White "Roberson, Peter T"]
[Black "Price, Gwilym T"]
[Result "1-0"]
[WhiteElo "2440"]
[BlackElo "2186"]
[PlyCount "93"]
[EventDate "2025.08.02"]
[EventType "swiss"]
[EventRounds "9"]
[EventCountry "GBR"]
[SourceTitle "BritBase"]
[Source "John Saunders"]
[SourceDate "2025.08.11"]
[SourceVersion "1"]
[SourceVersionDate "2025.08.11"]
[SourceQuality "1"]

1. d4 Nf6 2. c4 c6 3. Nf3 d5 4. e3 Bg4 5. h3 Bh5 6. g4 Bg6 7. Ne5 e6 8. Nd2 Nfd7 9. Nxg6 hxg6 10. Bg2 Nf6 11. g5 Nh5 12. h4 Nd7 13. Qb3 Qb6 14. Nf3 Bb4+ 15. Ke2 dxc4 16. Qxc4 O-O 17. Rd1 Rac8 18. Bd2 Bxd2 19. Rxd2 Qa5 20. b4 Qf5 21. Qd3 Rfd8 22. Rc1 Nb6 23. Ne5 Nd5 24. Qb3 f6 25. e4 Qf4 26. Nxg6 Qg4+ 27. Bf3 Nhf4+ 28. Kd1 Qh3 29. Nxf4 Nxf4 30. gxf6 gxf6 31. Kc2 Qxh4 32. Rh1 Qg5 33. Rdd1 Kf8 34. Rdg1 Qb5 35. a4 Qa6 36. Rh8+ Kf7 37. Rh7+ Kf8 38. Rh8+ Kf7 39. Rh7+ Kf8 40. Rh4 Ne2 41. Rh8+ Kf7 42. Bh5+ Ke7 43. Rg7+ Kd6 44. e5+ fxe5 45. dxe5+ Kxe5 46. Qe3+ Kd6 47. Qc5# 1-0

[Event "GBR-ch 111th"]
[Site "Liverpool"]
[Date "2025.08.03"]
[Round "2.23"]
[White "Czopor, Maciej"]
[Black "Kanyamarala, Trisha"]
[Result "1-0"]
[WhiteElo "2434"]
[BlackElo "2178"]
[PlyCount "119"]
[EventDate "2025.08.02"]
[EventType "swiss"]
[EventRounds "9"]
[EventCountry "GBR"]
[SourceTitle "BritBase"]
[Source "John Saunders"]
[SourceDate "2025.08.11"]
[SourceVersion "1"]
[SourceVersionDate "2025.08.11"]
[SourceQuality "1"]

1. e4 c5 2. Nf3 e6 3. c3 Nf6 4. Bd3 d5 5. e5 Nfd7 6. Bc2 c4 7. d4 cxd3 8. Bxd3 Nc6 9. Bf4 Be7 10. h3 Qc7 11. O-O Ndxe5 12. Nxe5 Nxe5 13. Bb5+ Kf8 14. c4 a6 15. Ba4 b5 16. cxb5 axb5 17. Bxb5 Bd6 18. Be3 h5 19. Nc3 Ng4 20. Bd4 Bh2+ 21. Kh1 Be5 22. g3 Nf6 23. Re1 Bd6 24. Rc1 Qb8 25. Qe2 Bb7 26. Kg1 h4 27. g4 Bh2+ 28. Kf1 Bf4 29. Rcd1 Kg8 30. a4 Qd6 31. Be5 Bxe5 32. Qxe5 Qb4 33. Qc7 Bc8 34. Qd8+ Qf8 35. Qxf8+ Kxf8 36. g5 Nd7 37. b4 g6 38. Bc6 Rb8 39. b5 Nc5 40. a5 Bd7 41. Bxd7 Nxd7 42. Nxd5 exd5 43. Rxd5 Rb7 44. a6 Ra7 45. Rxd7 Rxd7 46. b6 Kg7 47. b7 Rb8 48. Rb1 Rd6 49. a7 Rxb7 50. Rxb7 Ra6 51. Kg2 Ra5 52. Kf3 Ra4 53. Rc7 Ra2 54. Ke4 Ra5 55. Kd4 Ra2 56. Kc5 Rc2+ 57. Kb6 Rb2+ 58. Kc6 Rc2+ 59. Kb7 Rb2+ 60. Kc8 1-0

[Event "GBR-ch 111th"]
[Site "Liverpool"]
[Date "2025.08.03"]
[Round "2.24"]
[White "Mahadevan, Siva"]
[Black "Ledger, Dave J"]
[Result "1-0"]
[WhiteElo "2416"]
[BlackElo "2161"]
[PlyCount "57"]
[EventDate "2025.08.02"]
[EventType "swiss"]
[EventRounds "9"]
[EventCountry "GBR"]
[SourceTitle "BritBase"]
[Source "John Saunders"]
[SourceDate "2025.08.11"]
[SourceVersion "1"]
[SourceVersionDate "2025.08.11"]
[SourceQuality "1"]

1. e4 e5 2. Nf3 Nc6 3. Bb5 a6 4. Ba4 d6 5. O-O Bd7 6. c4 g5 7. d4 g4 8. d5 Nce7 9. Bxd7+ Qxd7 10. Ne1 h5 11. Nc3 f5 12. f4 exf4 13. Bxf4 Bg7 14. Rc1 Ng6 15. Nd3 N8e7 16. exf5 Nxf5 17. Re1+ Nfe7 18. Bg5 O-O 19. Re6 Rf5 20. Ne4 Raf8 21. h3 R8f7 22. hxg4 Bd4+ 23. Kh2 hxg4 24. Qxg4 Rh7+ 25. Kg3 Rg7 26. Bh6 Rff7 27. Bxg7 Rxg7 28. Rf1 Ne5 29. Nf6+ 1-0

[Event "GBR-ch 111th"]
[Site "Liverpool"]
[Date "2025.08.03"]
[Round "2.25"]
[White "Bharat Kumar, Balahari"]
[Black "Pert, Richard G"]
[Result "1/2-1/2"]
[WhiteElo "2052"]
[BlackElo "2409"]
[PlyCount "71"]
[EventDate "2025.08.02"]
[EventType "swiss"]
[EventRounds "9"]
[EventCountry "GBR"]
[SourceTitle "BritBase"]
[Source "John Saunders"]
[SourceDate "2025.08.11"]
[SourceVersion "1"]
[SourceVersionDate "2025.08.11"]
[SourceQuality "1"]

1. Nf3 f5 2. d4 e6 3. g3 Nf6 4. Bg2 Be7 5. O-O O-O 6. c4 d6 7. Nc3 Ne4 8. Qc2 Nxc3 9. Qxc3 a5 10. b3 Nc6 11. Bb2 Bf6 12. Rad1 Qe8 13. Qc1 e5 14. dxe5 dxe5 15. a3 h6 16. Ne1 e4 17. Bxf6 Rxf6 18. f3 exf3 19. Rxf3 Qf8 20. Re3 Be6 21. Nd3 Re8 22. Nf4 Bf7 23. Nd5 Rfe6 24. Rxe6 Rxe6 25. Qf4 Re5 26. Nxc7 g5 27. Qf2 Qxa3 28. Bxc6 bxc6 29. Rd8+ Kg7 30. Qd4 Qc5 31. Qxc5 Rxc5 32. Na6 Re5 33. Rd2 a4 34. bxa4 Bxc4 35. Nb4 c5 36. Nd3 1/2-1/2

[Event "GBR-ch 111th"]
[Site "Liverpool"]
[Date "2025.08.03"]
[Round "2.26"]
[White "Chopra, Tanmay"]
[Black "Dasgupta, Avyukt"]
[Result "0-1"]
[WhiteElo "2357"]
[BlackElo "2158"]
[PlyCount "70"]
[EventDate "2025.08.02"]
[EventType "swiss"]
[EventRounds "9"]
[EventCountry "GBR"]
[SourceTitle "BritBase"]
[Source "John Saunders"]
[SourceDate "2025.08.11"]
[SourceVersion "1"]
[SourceVersionDate "2025.08.11"]
[SourceQuality "1"]

1. d4 d5 2. c4 c6 3. Nf3 Nf6 4. Nc3 a6 5. e3 Bf5 6. Bd2 e6 7. Qb3 Qc7 8. Nh4 Bg6 9. Nxg6 hxg6 10. O-O-O b5 11. cxd5 cxd5 12. Kb1 Nc6 13. Nxb5 axb5 14. Bxb5 Ne4 15. f3 Nd6 16. Rc1 Nxb5 17. Qxb5 Kd7 18. Rc2 Rb8 19. Qa4 Rb6 20. Rhc1 Qb7 21. Ba5 Qa6 22. e4 Be7 23. Ka1 Ra8 24. b4 Bxb4 25. Rxc6 Rxc6 26. Rxc6 Qxc6 27. Qxc6+ Kxc6 28. Bxb4 Kb5 29. Bc5 Kc4 30. e5 f6 31. f4 fxe5 32. fxe5 Rb8 33. h4 Rb7 34. a4 Rf7 35. a5 Kb3 0-1

[Event "GBR-ch 111th"]
[Site "Liverpool"]
[Date "2025.08.03"]
[Round "2.27"]
[White "Wells, Peter K"]
[Black "Stoica, Savas Marin"]
[Result "1/2-1/2"]
[WhiteElo "2339"]
[BlackElo "2092"]
[PlyCount "67"]
[EventDate "2025.08.02"]
[EventType "swiss"]
[EventRounds "9"]
[EventCountry "GBR"]
[SourceTitle "BritBase"]
[Source "John Saunders"]
[SourceDate "2025.08.11"]
[SourceVersion "1"]
[SourceVersionDate "2025.08.11"]
[SourceQuality "1"]

1. Nf3 Nf6 2. c4 g6 3. Nc3 Bg7 4. e4 d6 5. d4 O-O 6. Be2 e5 7. O-O Nc6 8. d5 Ne7 9. b4 Nh5 10. Re1 f5 11. a4 Nf4 12. Bf1 fxe4 13. Nxe4 Bg4 14. Ra3 Nf5 15. g3 Nh5 16. h3 Bxf3 17. Rxf3 Nd4 18. Rxf8+ Qxf8 19. Bg2 Nf6 20. Ng5 Re8 21. Bb2 Bh6 22. h4 Bxg5 23. hxg5 Nd7 24. Bxd4 exd4 25. Re6 a5 26. Bh3 axb4 27. Rxe8 Qxe8 28. Be6+ Kf8 29. Qxd4 Ke7 30. Qb2 Kd8 31. Qxb4 Nc5 32. a5 Nxe6 33. dxe6 Qxe6 34. Qc3 1/2-1/2

[Event "GBR-ch 111th"]
[Site "Liverpool"]
[Date "2025.08.03"]
[Round "2.28"]
[White "Verbytski, Oleg"]
[Black "Vijayakumar, Rishi"]
[Result "0-1"]
[WhiteElo "2001"]
[BlackElo "2310"]
[PlyCount "66"]
[EventDate "2025.08.02"]
[EventType "swiss"]
[EventRounds "9"]
[EventCountry "GBR"]
[SourceTitle "BritBase"]
[Source "John Saunders"]
[SourceDate "2025.08.11"]
[SourceVersion "1"]
[SourceVersionDate "2025.08.11"]
[SourceQuality "1"]

1. e4 e5 2. Nf3 Nc6 3. Bc4 Nf6 4. d3 h6 5. c3 d6 6. a4 g6 7. Qb3 Qe7 8. a5 a6 9. O-O Bg7 10. h3 O-O 11. Be3 Nd7 12. Re1 Qd8 13. d4 b5 14. axb6 Nxb6 15. Bf1 exd4 16. cxd4 a5 17. Nc3 Nb4 18. d5 Bd7 19. Bd4 Bxd4 20. Nxd4 Qf6 21. Ndb5 Rfc8 22. Re3 c6 23. dxc6 Rxc6 24. Rf3 Qe7 25. Rxa5 Rxa5 26. Qxb4 Ra1 27. Nd4 Na4 28. Nd5 Rxf1+ 29. Kxf1 Rc1+ 30. Ke2 Qxe4+ 31. Ne3 Rb1 32. Ndc2 Bb5+ 33. Qxb5 Nc3+ 0-1

[Event "GBR-ch 111th"]
[Site "Liverpool"]
[Date "2025.08.03"]
[Round "2.29"]
[White "Badacsonyi, Stanley"]
[Black "Kueh, Audrey"]
[Result "1/2-1/2"]
[WhiteElo "2309"]
[BlackElo "2071"]
[PlyCount "120"]
[EventDate "2025.08.02"]
[EventType "swiss"]
[EventRounds "9"]
[EventCountry "GBR"]
[SourceTitle "BritBase"]
[Source "John Saunders"]
[SourceDate "2025.08.11"]
[SourceVersion "1"]
[SourceVersionDate "2025.08.11"]
[SourceQuality "1"]

1. d4 d5 2. c4 e6 3. Nc3 Nf6 4. cxd5 exd5 5. Bg5 c6 6. e3 h6 7. Bh4 Be7 8. Bd3 O-O 9. Nge2 Ne8 10. Bg3 Nd6 11. Qc2 a5 12. O-O Na6 13. a3 Re8 14. f3 Bh4 15. e4 Bxg3 16. Nxg3 Qb6 17. Qf2 Nc7 18. e5 Ndb5 19. Nxb5 Nxb5 20. Ne2 Rf8 21. a4 Nc7 22. f4 Bg4 23. Ng3 f6 24. f5 fxe5 25. dxe5 Qxf2+ 26. Rxf2 g6 27. Raf1 Bxf5 28. Bxf5 gxf5 29. Nxf5 Kh7 30. Nd6 Rxf2 31. Rxf2 Kg8 32. Rf7 Ne8 33. Rxb7 Nxd6 34. exd6 Rd8 35. d7 Kf7 36. Rc7 h5 37. Rxc6 Rxd7 38. Rh6 Rd8 39. Rxh5 Ke6 40. Rh3 Rc8 41. Re3+ Kf5 42. Kf2 d4 43. Re1 Rc2+ 44. Kf3 Rxb2 45. g4+ Kf6 46. Kg3 d3 47. Re8 d2 48. Rd8 Ke5 49. Kf3 Rb3+ 50. Ke2 Rh3 51. Kxd2 Rxh2+ 52. Kc3 Ra2 53. Kb3 Rg2 54. Kc4 Rxg4+ 55. Kb5 Rd4 56. Ra8 Rd5+ 57. Kb6 Kd6 58. Rc8 Kd7 59. Rc1 Re5 60. Rc4 Rd5 1/2-1/2

[Event "GBR-ch 111th"]
[Site "Liverpool"]
[Date "2025.08.03"]
[Round "2.30"]
[White "Brewer, Callum D"]
[Black "Mirzoeva, Elmira"]
[Result "0-1"]
[WhiteElo "2152"]
[BlackElo "2282"]
[PlyCount "84"]
[EventDate "2025.08.02"]
[EventType "swiss"]
[EventRounds "9"]
[EventCountry "GBR"]
[SourceTitle "BritBase"]
[Source "John Saunders"]
[SourceDate "2025.08.11"]
[SourceVersion "1"]
[SourceVersionDate "2025.08.11"]
[SourceQuality "1"]

1. e4 c6 2. d4 d5 3. f3 e6 4. Nc3 Bb4 5. Bd2 Ne7 6. a3 Ba5 7. Bd3 Nd7 8. f4 Bxc3 9. Bxc3 dxe4 10. Bxe4 O-O 11. Nf3 Qc7 12. O-O f5 13. Bd3 Nd5 14. Bd2 Nxf4 15. Bc4 Nd5 16. b4 N7f6 17. Bb3 b5 18. Kh1 Bd7 19. Rc1 Qd6 20. Ne5 Ne4 21. c4 bxc4 22. Bxc4 Rad8 23. Bb3 Be8 24. Bf4 Nec3 25. Qc2 Nxf4 26. Rxf4 Nb5 27. Qc5 g5 28. Rff1 Nxd4 29. Rcd1 Qxc5 30. bxc5 Bh5 31. Rxd4 Rxd4 32. Bxe6+ Kg7 33. Nxc6 Rd1 34. Rxd1 Bxd1 35. h4 Kf6 36. Bd5 a6 37. hxg5+ Kxg5 38. Nb4 a5 39. Nc6 Kf4 40. Nxa5 Kg3 41. Kg1 Re8 42. Kf1 Be2+ 0-1

[Event "GBR-ch 111th"]
[Site "Liverpool"]
[Date "2025.08.03"]
[Round "2.31"]
[White "Boswell, Jacob Connor"]
[Black "Harborne, Matthew J"]
[Result "1-0"]
[WhiteElo "2278"]
[BlackElo "2048"]
[PlyCount "51"]
[EventDate "2025.08.02"]
[EventType "swiss"]
[EventRounds "9"]
[EventCountry "GBR"]
[SourceTitle "BritBase"]
[Source "John Saunders"]
[SourceDate "2025.08.11"]
[SourceVersion "1"]
[SourceVersionDate "2025.08.11"]
[SourceQuality "1"]

1. c4 Nf6 2. Nc3 e5 3. g3 Bb4 4. Bg2 Bxc3 5. bxc3 d6 6. Rb1 c6 7. Nf3 O-O 8. O-O Qc7 9. d3 Nbd7 10. e4 Nc5 11. Nh4 Qe7 12. Qe2 h6 13. f4 exf4 14. Rxf4 g6 15. d4 Na4 16. Qd3 Kh7 17. Ba3 c5 18. Rbf1 Ng8 19. e5 Be6 20. Be4 Kg7 21. Bxg6 dxe5 22. Rxf7+ Rxf7 23. Bxf7 Qxf7 24. Rxf7+ Kxf7 25. d5 Bd7 26. Qh7+ 1-0

[Event "GBR-ch 111th"]
[Site "Liverpool"]
[Date "2025.08.03"]
[Round "2.32"]
[White "Yao, Lan"]
[Black "Deepak Ambattu, Rithvik"]
[Result "1-0"]
[WhiteElo "2316"]
[BlackElo "1990"]
[PlyCount "67"]
[EventDate "2025.08.02"]
[EventType "swiss"]
[EventRounds "9"]
[EventCountry "GBR"]
[SourceTitle "BritBase"]
[Source "John Saunders"]
[SourceDate "2025.08.11"]
[SourceVersion "1"]
[SourceVersionDate "2025.08.11"]
[SourceQuality "1"]

1. e4 c5 2. Nf3 d6 3. d4 cxd4 4. Nxd4 Nf6 5. Nc3 a6 6. h3 e5 7. Nf3 h5 8. Bc4 Be6 9. Bxe6 fxe6 10. Bg5 Be7 11. Qe2 Nh7 12. Be3 Nc6 13. O-O O-O 14. Rad1 Qe8 15. Bb6 Rc8 16. Nd2 Nd4 17. Qd3 Qc6 18. Bxd4 exd4 19. Qxd4 Bf6 20. Qd3 Bxc3 21. bxc3 Rfd8 22. c4 Nf6 23. Rfe1 Nd7 24. Qf3 g6 25. Qg3 Kg7 26. Nf3 e5 27. Nh4 Nf8 28. Rd5 Qe8 29. Nf5+ Kh7 30. Nxd6 Rxd6 31. Rxd6 Rxc4 32. Qd3 Qa4 33. Qd5 Qb4 34. Qf7+ 1-0